|
|
|
|
| LEADER |
00000nam a2200000 a 4500 |
| 001 |
vtls001261326 |
| 003 |
SK-MaSNL |
| 005 |
20260416165337.0 |
| 008 |
210928s1973 xr 0 pol |
| 035 |
|
|
|a SNK000212193
|
| 040 |
|
|
|a SNK
|b slo
|c SNK
|e AACR2
|
| 041 |
0 |
|
|a pol
|
| 044 |
|
|
|a CZ
|
| 100 |
1 |
|
|a Bělič, Jaromír,
|d 1914-1977
|4 zos
|9 63392
|
| 245 |
0 |
|
|a Język czeski dla klasy szóstej dziewięcioletniej szkoły podstawowej z polskim językiem nauczania
|c sprac. Jaromír Bělič, Jan Jahn, Elżbieta Pindurowa ; il. Zdeněk Filip
|
| 250 |
|
|
|a 2. wyd.
|
| 260 |
|
|
|a Praha
|b Státní pedagogické nakladatelství
|c 1973
|
| 300 |
|
|
|a 267, [4] s.
|c 8°
|
| 490 |
0 |
|
|a Podręczniki dla dziewięcioletniej szkoły podstawowej
|
| 700 |
1 |
|
|a Jahn, Jan,
|d n. 1907
|4 zos
|9 117688
|
| 700 |
1 |
|
|a Pindurowa, Elżbieta
|4 zos
|9 630600
|
| 700 |
1 |
|
|a Filip, Zdeněk,
|d 1930-
|4 ill
|9 200203
|
| 958 |
|
|
|a RK
|
| 958 |
|
|
|a OND
|
| 999 |
|
|
|c 970290
|d 972220
|
| 952 |
|
|
|t P60, <04>, [BOOK], {604}
|a SNK
|b SNK
|y VYP
|7 0
|o snkIC 54746
|i snkKIP 4909/73
|0 0
|1 0
|4 0
|d 1996-08-09
|l 0
|r 2005-01-01 00:00:00
|w 2026-02-24
|
| 952 |
|
|
|t P60, <04>, [BOOK], {604}
|a SNK
|b SNK
|y VYP
|7 0
|o snkIC 54746 D1
|i snkKIP 4910/73
|0 0
|1 0
|4 0
|d 1996-08-09
|l 0
|r 2005-01-01 00:00:00
|w 2026-02-24
|